Statistics for Flags With the Union Jack

Click here to take the quiz!

General Stats

  • This quiz has been taken 566 times
    (277 since last reset)
  • The average score is 18 of 33

Answer Stats

Sovereign Nations% Correct
Australia
97%
New Zealand
95%
United Kingdom
91%
Fiji
88%
Tuvalu
78%
Hawaii
68%
New South Wales
68%
British Columbia
66%
Queensland
65%
Ontario
63%
Tasmania
62%
Western Australia
61%
British Virgin Islands
59%
Bermuda
57%
Victoria
56%
South Australia
55%
Falkland Islands
53%
Niue
52%
Cayman Islands
51%
Manitoba
51%
Cook Islands
45%
Saint Helena
45%
Pitcairn Islands
44%
Anguilla
43%
Montserrat
43%
British Indian Ocean Territory
39%
South Georgia and the South Sandwich Islands
36%
Tristan da Cunha
27%
British Antarctic Territory
26%
Turks and Caicos Islands
26%
Ascension Island
25%
Akrotiri and Dhekelia
19%
Ross Dependency
12%

Score Distribution

Percentile by Number Answered

Percent of People with Each Score

Your Score History

You have not taken this quiz since the last reset